[Event "45th FIDE Chess Olympiad Open"]
[Site "Budapest, Hungary"]
[Date "2024.09.13"]
[Round "3.2"]
[White "So, Wesley"]
[Black "Naiditsch, Arkadij"]
[Result "1-0"]
[WhiteElo "2752"]
[BlackElo "2643"]
[PlyCount "69"]
[EventDate "2024.??.??"]
[WhiteTeam "United States of America"]
[BlackTeam "Bulgaria"]
[BlackTeamCountry "BUL"]
[WhiteClock "0:19:47"]
[BlackClock "0:13:15"]

1. e4 e5 2. Nf3 Nc6 3. Bc4 Nf6 4. d3 Be7 5. Nc3 O-O 6. a3 d6 7. Be3 Nd7 $146 ({RR} 7... Be6 8. Nd5 Qd7 9. O-O Bd8 10. Bg5 Bxd5 11. Bxd5 Nxd5 12. exd5 Ne7 13. c4 Ng6 14. Bd2 f5 15. Qc2 c5 16. b4 b6 17. a4 Bf6 18. Rab1 Rae8 19. bxc5 bxc5 20. a5 e4 21. dxe4 fxe4 22. Ng5 {Rudolph,P (2201)-Bussek,B Hessen 1999 ½-½ (32)}) ({RR} 7... Be6 8. Nd5 Bxd5 9. exd5 Nb8 10. a4 c6 11. dxc6 bxc6 12. Ba2 Nbd7 13. O-O d5 14. c3 a5 15. Qc2 Re8 16. b4 axb4 17. cxb4 Bxb4 18. Qxc6 Qa5 19. Bb3 Rac8 20. Qb5 Qxb5 21. axb5 Rb8 22. Rfc1 {Firouzja,A (2767)-Carlsen,M (2832) Paris FRA 2024 ½-½ (122)}) ({RR} 7... Be6 8. Nd5 Bxd5 9. exd5 Nb8 10. O-O Re8 11. Re1 Nbd7 12. Bb3 Ng4 13. Bd2 Nb6 14. c4 c6 15. dxc6 bxc6 16. Bc3 Bf8 17. d4 e4 18. Nd2 Qh4 19. Rxe4 Qxf2+ 20. Kh1 Rxe4 21. Nxe4 Qf4 {0-1 (21) Popov,K (1909)-Sakhvadze,G (2119) Kislovodsk 2013}) ({RR} 7... Be6 8. b4 a6 9. Nd5 Qd7 10. Qd2 Bxd5 11. Bxd5 Nxd5 12. exd5 Nd8 13. O-O c6 14. dxc6 Nxc6 15. Ng5 h6 16. Nf3 f5 17. Rfe1 Bf6 18. Rad1 Qc7 19. Qe2 Rac8 20. c4 b5 21. cxb5 axb5 22. Rc1 {Orlova,A (1621)-Heutling,E (1712) Willingen 2019 0-1 (42)}) 8. Ba2 Nb6 9. Ne2 Be6 10. Bxe6 fxe6 11. h4 d5 12. Ng3 h6 13. Ng1 Kh8 14. Qg4 Nd4 15. Bxd4 exd4 16. Nf3 Bd6 17. Nh5 Qd7 18. e5 Rxf3 19. gxf3 Bxe5 20. f4 Bd6 21. Rg1 Bf8 22. Kf1 Qf7 23. Re1 Re8 24. Qg6 Re7 25. f5 Qxg6 26. Rxg6 e5 27. Re6 Rf7 28. R6xe5 Bd6 29. Re8+ Kh7 30. Ng3 Nd7 31. Ra8 Bxg3 32. fxg3 Rxf5+ 33. Kg2 Nf6 34. Rf8 Kg6 35. Re7 1-0

[Event "45th FIDE Chess Olympiad Open"]
[Site "Budapest, Hungary"]
[Date "2024.09.13"]
[Round "3.3"]
[White "Petrov, Martin"]
[Black "Aronian, Levon"]
[Result "0-1"]
[WhiteElo "2536"]
[BlackElo "2729"]
[PlyCount "68"]
[EventDate "2024.??.??"]
[WhiteTeam "Bulgaria"]
[BlackTeam "United States of America"]
[WhiteTeamCountry "BUL"]
[WhiteClock "0:01:03"]
[BlackClock "0:59:40"]

1. e4 e5 2. Nf3 Nc6 3. Bc4 Bc5 4. O-O Nf6 5. d3 d6 6. c3 a5 7. Bg5 h6 8. Bh4 Qe7 ({RR} 8... Bd7 9. Re1 Ba7 10. Nbd2 g5 11. Bg3 Ne7 12. d4 Ng6 13. dxe5 dxe5 14. Nf1 Qe7 15. Ne3 O-O-O 16. Qc1 Rhe8 17. b4 a4 18. Nf5 Qf8 19. Qc2 Nf4 20. Rad1 Bxf5 21. Qxa4 Rxd1 22. Rxd1 Kb8 23. exf5 {Erigaisi,A (2725)-Carlsen,M (2861) chess24.com INT 2022 0-1}) ({RR} 8... g5 9. Bg3 Ba7 10. Nbd2 Nh7 11. Re1 h5 12. h4 g4 13. Nh2 Nf8 14. d4 Ng6 15. dxe5 Ncxe5 16. Bxe5 dxe5 17. g3 Nxh4 18. gxh4 g3 19. Kh1 gxh2 20. Nf3 Qxd1 21. Rexd1 Bg4 22. Rd3 f6 23. Kg2 {Gaboyan,S (2192)-Guichard,P (2362) Rhodes GRE 2024 0-1 (39)}) 9. d4 $146 ({RR} 9. Re1 Ba7 10. Na3 g5 11. Bg3 Nh7 12. d4 O-O 13. Nc2 h5 14. h3 Kh8 15. Ne3 g4 16. hxg4 Bxg4 17. d5 Nb8 18. Nxg4 hxg4 19. Nh4 Qg5 20. Nf5 Nd7 21. Bh4 Qg6 22. g3 Nc5 23. Qc2 f6 {Lu,S (2611)-Harutyunian,T (2533) Seville 2020 1-0 (31)}) ({RR} 9. Nbd2 Bb6 10. Bb5 Bd7 11. Nc4 Ba7 12. Bxc6 Bxc6 13. Nxa5 Bxf2+ 14. Rxf2 Rxa5 15. Nd2 g5 16. Bg3 d5 17. b4 Ra8 18. Qf3 {1-0 (18) So,W (2772)-Svidler,P (2714) Saint Louis 2021}) 9... Ba7 10. Nbd2 O-O 11. Re1 exd4 12. e5 dxe5 13. Ne4 dxc3 14. Bxf6 gxf6 15. Nh4 f5 16. Qh5 Kg7 17. Ng3 Qg5 18. Nhxf5+ Bxf5 19. Nxf5+ Kf6 20. Qxh6+ Qxh6 21. Nxh6 cxb2 22. Rab1 Bd4 23. Ng4+ Kg5 24. Ne3 a4 25. a3 Na5 26. h4+ Kf6 27. Ba2 Nb3 28. Nc2 c5 29. Nxd4 exd4 30. Rxb2 Rfe8 31. Rd1 c4 32. Rc2 b5 33. Kf1 d3 34. Rc3 Re2 0-1

[Event "45th FIDE Chess Olympiad Open"]
[Site "Budapest, Hungary"]
[Date "2024.09.13"]
[Round "3.4"]
[White "Robson, Ray"]
[Black "Petkov, Momchil"]
[Result "1/2-1/2"]
[WhiteElo "2700"]
[BlackElo "2540"]
[PlyCount "71"]
[EventDate "2024.??.??"]
[WhiteTeam "United States of America"]
[BlackTeam "Bulgaria"]
[BlackTeamCountry "BUL"]
[WhiteClock "0:05:49"]
[BlackClock "0:09:20"]

1. e4 c5 2. Nf3 d6 3. d4 cxd4 4. Nxd4 Nf6 5. Nc3 Nc6 6. Bg5 e6 7. Qd2 Be7 8. O-O-O a6 9. Bxf6 gxf6 10. f4 Nxd4 11. Qxd4 Qa5 12. Bc4 Qc5 13. Qd3 Bd7 14. Bb3 b5 ({RR} 14... O-O-O 15. Kb1 Kb8 16. Qh3 h5 17. Rhe1 Rdg8 18. f5 Rg4 19. Re2 Bd8 20. Red2 Bc7 21. a3 Qe5 22. Rd3 Bc8 23. Ka2 Rg5 24. g3 h4 25. gxh4 Rgh5 26. Qg2 Rxh4 27. h3 Ba5 28. Qg7 R4h7 29. Qg2 {Cheparinov,I (2638)-Dudin,G (2521) Ankara TUR 2024 0-1 (62)}) 15. f5 $146 ({RR} 15. Rhe1 b4 16. Ne2 a5 17. Bc4 Rc8 18. b3 a4 19. Kb1 Rg8 20. g3 Qa5 21. Nd4 Ra8 22. Re2 Kf8 23. f5 Qe5 24. Nf3 Qc5 25. fxe6 fxe6 26. e5 d5 27. Qxh7 axb3 28. cxb3 dxc4 29. exf6 Bxf6 {Santos Latasa,J (2677)-Gara,T (2333) Salamanca ESP 2022 1-0 (38)}) 15... a5 16. fxe6 fxe6 17. e5 fxe5 18. Ne4 Qc6 19. Nxd6+ Bxd6 20. Qxd6 Qxd6 21. Rxd6 Ke7 22. Rhd1 Ra7 23. a3 Rg8 24. g3 Rf8 25. R6d2 Bc6 26. Re1 e4 27. c3 b4 28. Bc2 bxc3 29. bxc3 Rf3 30. Bxe4 Bxe4 31. Rxe4 Rxc3+ 32. Kb2 Rc5 33. Kb3 Rd7 34. Rde2 Rd6 35. Ka4 h5 36. Rf4 1/2-1/2

[Event "45th FIDE Chess Olympiad Open"]
[Site "Budapest, Hungary"]
[Date "2024.09.13"]
[Round "3.5"]
[White "Dragnev, Valentin"]
[Black "Rapport, Richard"]
[Result "1/2-1/2"]
[WhiteElo "2556"]
[BlackElo "2715"]
[PlyCount "148"]
[EventDate "2024.??.??"]
[WhiteTeam "Austria"]
[BlackTeam "Hungary"]
[WhiteTeamCountry "AUT"]
[BlackTeamCountry "HUN"]
[WhiteClock "0:01:09"]
[BlackClock "0:02:32"]

1. e4 c5 2. Nf3 Nc6 3. Bb5 g6 4. O-O Bg7 5. Re1 e5 6. Bxc6 dxc6 7. d3 Qe7 8. a4 Nf6 9. a5 O-O 10. Na3 ({RR} 10. Be3 Rd8 11. Qc1 Ne8 12. Nbd2 Nc7 13. Nc4 f6 14. Nfd2 Ne6 15. Nb3 Rb8 16. Nbd2 b5 17. axb6 axb6 18. b4 b5 19. Na5 Bd7 20. bxc5 Nxc5 21. Ndb3 Na4 22. Bh6 c5 23. Bxg7 Kxg7 24. Qe3 Rdc8 {Nepomniachtchi,I (2770)-Ivic,V (2596) chess.com INT 2024 1-0 (55)}) 10... b5 11. axb6 axb6 12. Bg5 h6 $146 ({RR} 12... b5 13. c4 Bd7 14. cxb5 cxb5 15. Nc2 Qd6 16. Ne3 Be6 17. Qc2 Nd7 18. g4 f6 19. Bh4 Ra6 20. Rxa6 Qxa6 21. Nd2 Ra8 22. f3 Qd6 23. Bf2 Bf8 24. Nb1 Nb6 25. b3 Qd7 26. Rd1 Qf7 27. Nd2 {Meschke,A (2058)-Cuenca Jimenez,J (2483) Oeffingen 2013 0-1 (43)}) 13. Bxf6 Bxf6 14. Nc4 Rb8 15. Qd2 Bg7 16. h3 b5 17. Na5 Bd7 18. Nb3 Be6 19. Qc3 c4 20. Na5 Rbc8 21. dxc4 f5 22. Qe3 f4 23. Qb6 Qe8 24. Qc5 g5 25. Nb7 Rc7 26. Nd6 Qe7 27. Nxe5 Bxh3 28. Ng6 Qe6 29. Nf5 Qxg6 30. gxh3 Rff7 31. Ra8+ Kh7 32. Nd6 Bf8 33. e5 g4 34. h4 g3 35. Qd4 gxf2+ 36. Kxf2 Qg3+ 37. Ke2 Bxd6 38. Qe4+ Kg7 39. exd6 f3+ 40. Kd1 f2 41. Rf1 Qxd6+ 42. Kc1 Qf4+ 43. Qxf4 Rxf4 44. cxb5 cxb5 45. Ra3 Kf6 46. Re3 Rf7 47. Kd2 Kf5 48. Rg3 b4 49. Ke2 Ke5 50. Re3+ Kd5 51. h5 R7f5 52. Rd3+ Kc6 53. c3 b3 54. c4 Rxh5 55. Rxb3 Rhf5 56. Rb5 Rf6 57. Ra5 Rf8 58. Rh5 R4f6 59. Re5 Rb8 60. Rb5 Re6+ 61. Kd2 Rd6+ 62. Kc2 Rf8 63. Ra5 Rd4 64. b3 Rh4 65. Re5 h5 66. Kd2 Rh2 67. Ke2 h4 68. Re3 h3 69. b4 Rh8 70. Rf3 Re8+ 71. Kd2 Ra8 72. Ke3 Re8+ 73. Kd2 Rh8 74. Ke2 Re8+ 1/2-1/2

[Event "45th FIDE Chess Olympiad Open"]
[Site "Budapest, Hungary"]
[Date "2024.09.13"]
[Round "3.6"]
[White "Leko, Peter"]
[Black "Ragger, Markus"]
[Result "1/2-1/2"]
[WhiteElo "2666"]
[BlackElo "2601"]
[PlyCount "52"]
[EventDate "2024.??.??"]
[WhiteTeam "Hungary"]
[BlackTeam "Austria"]
[WhiteTeamCountry "HUN"]
[BlackTeamCountry "AUT"]
[WhiteClock "0:11:01"]
[BlackClock "0:29:44"]

1. e4 e5 2. Nf3 Nc6 3. Bb5 a6 4. Ba4 Nf6 5. O-O Be7 6. d3 b5 7. Bb3 d6 8. a3 O-O 9. Nc3 Na5 10. Ba2 Be6 11. b4 Bxa2 12. Rxa2 Nc6 13. Bg5 h6 14. Bxf6 Bxf6 15. Nd5 Nd4 16. c4 Ne6 $146 ({RR} 16... c6 17. Nxd4 exd4 18. Nxf6+ Qxf6 19. Rc2 a5 20. Qh5 axb4 21. axb4 Rfb8 22. g3 Ra3 23. cxb5 Rxb5 24. Qd1 Rc3 25. Rxc3 dxc3 26. Qa4 Qd4 27. Qa8+ Kh7 28. Qxc6 Qxd3 29. Rc1 Rxb4 30. Qxc3 Qxc3 31. Rxc3 {Pulpan,J (2386)-Huber,B (2274) Germany GER 2024 ½-½ (55)}) 17. cxb5 axb5 18. Qc2 Ra6 19. a4 c6 20. Ne3 Bg5 21. a5 Qd7 22. Qb3 Rfa8 23. Nc2 Nf4 24. Ne3 Ne6 25. Nc2 Nf4 26. Ne3 Ne6 1/2-1/2

[Event "45th FIDE Chess Olympiad Open"]
[Site "Budapest, Hungary"]
[Date "2024.09.13"]
[Round "3.7"]
[White "Horvath, Dominik"]
[Black "Sjugirov, Sanan"]
[Result "1/2-1/2"]
[WhiteElo "2559"]
[BlackElo "2644"]
[PlyCount "176"]
[EventDate "2024.??.??"]
[WhiteTeam "Austria"]
[BlackTeam "Hungary"]
[WhiteTeamCountry "AUT"]
[BlackTeamCountry "HUN"]
[WhiteClock "0:10:10"]
[BlackClock "0:04:35"]

1. e4 e6 2. d4 d5 3. Nc3 Nf6 4. Bg5 dxe4 5. Nxe4 Be7 6. Nxf6+ Bxf6 7. Bxf6 Qxf6 8. Nf3 O-O 9. Qd2 Rd8 ({RR} 9... c5 10. O-O-O Rd8 11. Qe3 Nc6 12. c3 cxd4 13. Nxd4 Nxd4 14. Rxd4 Rxd4 15. Qxd4 Qxd4 16. cxd4 Bd7 17. Kd2 Bc6 18. f3 Rd8 19. Ke3 Bd5 20. Bd3 Rc8 21. a3 h6 22. h4 f5 23. Rg1 g5 24. hxg5 {Caruana,F (2786)-Bluebaum,M (2668) chess.com INT 2023 0-1 (42)}) ({RR} 9... c5 10. O-O-O Rd8 11. Bd3 Nc6 12. dxc5 e5 13. Qg5 Be6 14. a3 Bd5 15. Qxf6 gxf6 16. Rhe1 Ne7 17. Be4 a5 18. b4 axb4 19. axb4 Ra1+ 20. Kb2 Ra2+ 21. Kc3 Ra3+ 22. Kb2 Ra2+ 23. Kc3 Ra3+ 24. Kb2 {Ravic,N (2201)-Sedlak,N (2461) Paracin SRB 2024 ½-½}) 10. Bd3 Nc6 11. O-O-O g6 $146 ({RR} 11... a5 12. c3 Rb8 13. Ne5 Bd7 14. Nxd7 Rxd7 15. Bb5 Rd5 16. Bxc6 bxc6 17. Qe3 h5 18. f4 Qf5 19. Rhe1 a4 20. Qe4 Qf6 21. g3 c5 22. a3 Rb3 23. dxc5 Rxc3+ 24. bxc3 Qxc3+ 25. Qc2 Qa1+ 26. Qb1 {Bukvic,M (2223)-Kalezic,B (2433) Cetinje 2006 ½-½}) 12. Qh6 Nxd4 13. Ng5 Qg7 14. Qh4 Nc6 15. g4 b6 16. f4 Bb7 17. Be4 Rd6 18. Bg2 Kh8 19. Ne4 Nd4 20. Nxd6 Bxg2 21. Rhe1 cxd6 22. Qf2 Nxc2 23. Qxc2 Bf3 24. Rxd6 Bxg4 25. Re3 Qf6 26. Qc3 Kg7 27. Kd2 h6 28. h4 Bf5 29. b4 Rh8 30. Rg3 Qxc3+ 31. Rxc3 g5 32. hxg5 hxg5 33. fxg5 Rh2+ 34. Ke3 Rxa2 35. Rc7 Ra4 36. Rd4 a5 37. Rb7 axb4 38. Rxb6 Ra1 39. Rbxb4 Rg1 40. Rd2 Rg3+ 41. Kf2 Rxg5 42. Rb6 Kf6 43. Ke3 Rg3+ 44. Kd4 Rg4+ 45. Ke3 Kg5 46. Rd7 Bg6 47. Re7 Re4+ 48. Kf3 Re5 49. Kf2 Bh5 50. Rc6 Re2+ 51. Kf1 Re4 52. Kf2 e5 53. Kg3 Kf5 54. Rc2 Kg5 55. Rc6 Re3+ 56. Kf2 Re2+ 57. Kg3 Kf5 58. Rc1 Kg5 59. Rc6 f6 60. Rb6 Re3+ 61. Kf2 Re4 62. Rg7+ Kf5 63. Rg8 Rf4+ 64. Kg3 Bf7 65. Rf8 Kg6 66. Rd8 Kg5 67. Rd7 Bg6 68. Re7 Be4 69. Rg7+ Kf5 70. Rf7 Rg4+ 71. Kf2 Rg6 72. Rf8 Rh6 73. Kg3 Bd5 74. Rd6 Be6 75. Re8 Bc4 76. Rf8 Rg6+ 77. Kf2 Bb5 78. Rb6 Bd3 79. Ke3 Bc4 80. Kf2 Bd5 81. Rd6 Bh1 82. Rb6 Rh6 83. Kg3 Be4 84. Rd6 Kg5 85. Rb6 Bf5 86. Kf2 Bg4 87. Rg8+ Kf5 88. Rf8 Rg6 1/2-1/2

[Event "45th FIDE Chess Olympiad Open"]
[Site "Budapest, Hungary"]
[Date "2024.09.13"]
[Round "3.8"]
[White "Gledura, Benjamin"]
[Black "Blohberger, Felix"]
[Result "1-0"]
[WhiteElo "2628"]
[BlackElo "2520"]
[PlyCount "57"]
[EventDate "2024.??.??"]
[WhiteTeam "Hungary"]
[BlackTeam "Austria"]
[WhiteTeamCountry "HUN"]
[BlackTeamCountry "AUT"]
[WhiteClock "0:32:47"]
[BlackClock "0:12:32"]

1. e4 e5 2. Nf3 Nc6 3. Bb5 Nf6 4. d3 Bc5 5. Bxc6 dxc6 6. Nbd2 Be6 7. O-O Bd6 8. Nb3 a5 9. Qe1 a4 10. Na5 Qc8 11. Ng5 Bd7 $146 ({RR} 11... Bg4 12. h3 Bd7 13. f4 exf4 14. Bxf4 O-O 15. Bxd6 cxd6 16. Nc4 Qc7 17. Qh4 h6 18. Rxf6 gxf6 19. Qxh6 fxg5 20. Qxg5+ Kh8 21. Rf1 f5 22. Qh6+ Kg8 23. Qg6+ Kh8 24. Rf4 Qd8 25. Qh6+ Kg8 26. Rh4 {Fedoseev,V (2686)-Nakamura,H (2760) Chess.com INT 2022 1-0 (32)}) ({RR} 11... Bc5 12. Nxe6 Qxe6 13. Nxb7 Bb6 14. Be3 Nd7 15. b4 axb3 16. axb3 Rxa1 17. Qxa1 O-O 18. Qc3 Bxe3 19. fxe3 Qh6 20. Qd2 Ra8 21. Na5 c5 22. Nc4 Qe6 23. Qc3 h6 24. Ra1 Rxa1+ 25. Qxa1 Qg4 26. Qf1 {Caruana,F (2764)-Le,Q (2728) chess.com INT 2023 ½-½ (90)}) 12. Nc4 O-O 13. f4 Bc5+ 14. Be3 Bxe3+ 15. Nxe3 exf4 16. Rxf4 h6 17. Nf3 Ng4 18. Nf5 Bxf5 19. Rxf5 Re8 20. Qg3 Ne3 21. Nd4 Nxf5 22. Nxf5 g6 23. Rf1 Qd8 24. Nxh6+ Kg7 25. Rxf7+ Kxh6 26. Qh3+ Kg5 27. Qe3+ Kh5 28. Rh7+ Kg4 29. h3# 1-0

[Event "45th FIDE Chess Olympiad Open"]
[Site "Budapest, Hungary"]
[Date "2024.09.13"]
[Round "3.9"]
[White "Gukesh D"]
[Black "Kozak, Adam"]
[Result "1-0"]
[WhiteElo "2764"]
[BlackElo "2609"]
[PlyCount "107"]
[EventDate "2024.??.??"]
[WhiteTeam "India"]
[BlackTeam "Hungary B"]
[WhiteTeamCountry "IND"]
[WhiteClock "0:12:37"]
[BlackClock "0:00:57"]

1. d4 {Dautov,Rustem} Nf6 2. c4 e6 3. Nf3 Bb4+ 4. Nbd2 d5 5. Qa4+ Nc6 6. e3 O-O 7. a3 Bxd2+ 8. Bxd2 Ne4 9. Rd1 ({RR} 9. Qc2 a5 ({RR} 9... Bd7 10. Bd3 f5 11. b4) 10. Bd3 Nxd2 11. Nxd2 h6 12. O-O a4 13. Rac1 Bd7 14. Nf3 Qf6 15. Qc3) ({RR} 9. Bd3 Nxd2 10. Nxd2 Bd7 11. Qc2 h6 12. O-O Qe7 13. Rac1 Rac8 14. Nb3 dxc4 15. Bxc4 Nb8 16. Nc5 b6 17. Na6 c6 18. Nxb8 Rxb8 19. b4 Rfc8 20. Ba6 Rd8 21. Bd3 Ra8 22. Be4 Rdc8 23. Qa4 a5 {Collins,A (2189)-Quintiliano Pinto,R (2493) chess.com INT 2024 ½-½ (47)}) 9... Ne7 ({RR} 9... Qf6 10. Bd3 Qg6 ({RR} 10... Nd6 11. O-O dxc4 12. Bxc4 Bd7 ({RR} 12... e5 13. dxe5 Nxe5 14. Nxe5 Qxe5 15. Bc3) 13. Bd3 e5 14. d5 e4 15. Bxe4 Ne5 16. Qd4 Nxf3+ 17. Bxf3) 11. O-O Nc5 12. Qxc6 ({RR} 12. dxc5 Qxd3 13. cxd5 exd5 14. Bc3 Qe4) 12... Nxd3 13. Qxc7 Nxb2 14. Bb4 ({RR} 14. Ne5 Qf6 15. Rc1 Nxc4 16. Nxc4 dxc4 17. Rxc4 Qd8 ({RR} 17... b6 18. Ra4 Qd8 19. Rxa7 Qxc7 20. Rxc7 Rxa3 21. Bb4) 18. Rfc1 b6 19. Bb4 Re8 20. Qxd8 Rxd8 21. Be7 Re8 22. Rc7 f6 ({RR} 22... f5 23. Bd6) 23. e4) 14... Re8 15. Ne5 Qf6 16. cxd5 ({RR} 16. Rc1 Nxc4 17. Nxc4 dxc4 18. Rxc4 b6 19. Rfc1 Ba6 20. Rc6 h6) 16... Nxd1 17. d6 Nb2 18. d7 Bxd7 19. Qxd7 Rac8 20. Qxb7 a5 ({RR} 20... Nc4 21. Nc6) 21. Bxa5 Nc4 22. Nxc4 Rxc4 23. Bb4 Rcc8 ({RR} 23... Rec8 24. Bc5 Qd8 25. Qb3 Qd5 26. e4) 24. Qb5 {Gelfand,B (2690)-Timman,J (2635) Linares 1993 CBM 034 [Dautov,Rustem] ½-½ (55)}) ({RR} 9... Bd7 10. Qc2 Be8 11. Be2 f6 12. b4) 10. Bd3 b6 $146 ({RR} 10... Nxd2 11. Rxd2 a6 12. O-O b6 13. Rc1 Bb7 14. cxd5 Nxd5 15. Be2 Qe7 16. Rdc2 b5 17. Qa5 Rfc8 18. Ne5 Nb6 19. b3 h6 20. Bf3 Bd5 21. Bxd5 Nxd5 22. h3 Qg5 23. Rc6 h5 24. Nf3 Qf5 25. Rxa6 {Gavrilov,A (2454)-Kozyrev,D (2156) Golden Sands 2013 1-0 (31)}) 11. Qc2 Bb7 12. O-O h6 13. Bc1 a5 14. b3 Ng6 15. Bb2 f5 16. a4 Rf7 17. Ne1 Rc8 18. f3 Nf6 19. Be2 Qe8 20. Nd3 Nd7 21. Rfe1 Ne7 22. Bf1 Nc6 23. Ba3 Nf6 24. Rc1 Rd7 25. Nf4 Qf7 26. c5 Rdd8 27. Bb5 Nd7 28. Qd2 Qf6 29. Rc2 g5 30. Nd3 Ndb8 31. Rec1 Qg7 32. Qe1 Kh8 33. Ne5 Nxe5 34. dxe5 c6 35. Bd3 bxc5 36. Rxc5 Nd7 37. Rxa5 Nxe5 38. Bf1 Ra8 39. Rc2 Ng6 40. Bb2 e5 41. Rxa8 Bxa8 42. a5 Kh7 43. a6 Rb8 44. b4 Qa7 45. Rc5 Qe7 46. Qc3 Rd8 47. Qc2 e4 48. fxe4 fxe4 49. b5 Qc7 50. bxc6 Rf8 51. Bb5 Ne7 52. Rxd5 Rf7 53. Qxe4+ Kg8 54. Qd4 1-0

[Event "45th FIDE Chess Olympiad Open"]
[Site "Budapest, Hungary"]
[Date "2024.09.13"]
[Round "3.10"]
[White "Banusz, Tamas"]
[Black "Praggnanandhaa R"]
[Result "0-1"]
[WhiteElo "2605"]
[BlackElo "2750"]
[PlyCount "126"]
[EventDate "2024.??.??"]
[WhiteTeam "Hungary B"]
[BlackTeam "India"]
[BlackTeamCountry "IND"]
[WhiteClock "0:00:43"]
[BlackClock "0:01:08"]

1. Nf3 d5 2. g3 c5 3. Bg2 Nf6 4. O-O e6 5. d3 Nc6 6. a4 Be7 7. Bf4 Bd6 ({RR} 7... h6 8. e4 O-O 9. e5 Nh7 10. Re1 b6 11. h4 Bb7 12. Nbd2 a6 13. Nf1 b5 14. N1h2 Re8 15. Ng4 Bf8 16. Qd2 Ne7 17. d4 Qc8 18. c3 Nf5 19. Ne3 Ne7 20. Bf1 c4 21. Be2 Bc6 22. Bd1 {Andreikin,D (2729)-Anton Guijarro,D (2675) Almaty KAZ 2022 ½-½ (120)}) 8. Bxd6 Qxd6 9. Nbd2 $146 ({RR} 9. Nc3 O-O 10. Nd2 Qe7 11. e4 d4 12. Ne2 e5 13. h3 g6 14. f4 exf4 15. gxf4 Nh5 16. Qe1 Nb4 17. Rc1 Bd7 18. b3 Rae8 19. Ng3 Qh4 20. Nxh5 Qxh5 21. Qg3 f5 22. e5 Bc6 23. Rf2 Nd5 {Andreikin,D (2729)-Anton Guijarro,D (2669) chess.com INT 2024 1-0 (59)}) 9... e5 10. e4 d4 11. Nc4 Qc7 12. c3 Bg4 13. h3 Bxf3 14. Bxf3 O-O 15. Qb3 g6 16. a5 Qe7 17. Kg2 h5 18. h4 Rab8 19. Rfc1 Rfd8 20. Be2 Ne8 21. Nd2 Nc7 22. Nf3 Ne6 23. Ra4 b5 24. axb6 Rxb6 25. Qa2 Rdb8 26. Rc2 a5 27. Nd2 Rb5 28. Bf1 Qf6 29. Nf3 Kg7 30. Be2 Qe7 31. Bf1 Qb7 32. Qd5 c4 33. Qxc4 Rc5 34. Qa2 Nb4 35. cxb4 Rxc2 36. Nxe5 Qe7 37. Qb1 Rc7 38. Rxa5 Qxb4 39. Ra2 Rbb7 40. Nc4 Ra7 41. Qa1 Qb8 42. Rxa7 Rxa7 43. Qd1 Qa8 44. Qf3 Ra1 45. Be2 Qa2 46. Nd6 Nd8 47. Kh2 Qb1 48. Kh3 Qh1+ 49. Qxh1 Rxh1+ 50. Kg2 Re1 51. Bf1 Nc6 52. Nc4 Nb4 53. f4 f6 54. Kf2 Rd1 55. e5 f5 56. Bg2 Rxd3 57. Bf3 Na6 58. Be2 Rb3 59. Bd1 Rb4 60. b3 Nc5 61. Nd2 Ne4+ 62. Ke1 Nxg3 63. Nc4 Ne4 0-1

[Event "45th FIDE Chess Olympiad Open"]
[Site "Budapest, Hungary"]
[Date "2024.09.13"]
[Round "3.11"]
[White "Erigaisi Arjun"]
[Black "Prohaszka, Peter"]
[Result "1-0"]
[WhiteElo "2778"]
[BlackElo "2542"]
[PlyCount "67"]
[EventDate "2024.??.??"]
[WhiteTeam "India"]
[BlackTeam "Hungary B"]
[WhiteTeamCountry "IND"]
[WhiteClock "0:36:37"]
[BlackClock "0:00:59"]

1. c4 {Marin,Mihail} e6 2. Nc3 d5 3. d4 Nf6 4. Nf3 Be7 5. cxd5 exd5 6. Bf4 ({RR} 6. Qc2 c5 ({RR} 6... c6 7. Bg5 g6 8. e4) 7. Bg5 cxd4 8. Nxd4 Nc6 9. Rd1 ({RR} 9. Nxc6) 9... O-O ({RR} 9... h6 10. Bh4 Qa5 11. e3 O-O 12. Be2 Be6 13. Nb3 Qb4) 10. e3 Be6 11. Be2 Rc8 12. Nf5 h6 13. Bh4 Re8 14. Nxe7+ Qxe7 15. O-O g5 16. Bg3 Ne4 17. Qb1 Nxg3 18. hxg3 Red8 19. Nb5 d4 20. Nxd4 Nxd4 {Grischuk,A (2747)-Aronian,L (2808) Kazan 2011 CBM 143 [Marin,Mihail] ½-½} {RR} 21. Rxd4 Rxd4 22. exd4 Bxa2) 6... Nh5 7. Bd2 O-O 8. e3 Nf6 $146 ({RR} 8... c5 9. Be2 Nc6 10. O-O Nf6 11. Rc1 Bg4 12. dxc5 Bxc5 13. h3 Bh5 14. Qb3 d4 15. Nd5 Ne4 16. Rfd1 Nxd2 17. Rxd2 dxe3 18. fxe3 Na5 19. Qb5 b6 20. g4 a6 21. Qa4 Bg6 22. b4 Be4 23. bxc5 {Dai,C (2532)-Aradhya,G (2412) Abu Dhabi UAE 2024 1-0 (36)}) 9. Bd3 Nbd7 10. Qc2 c6 11. g4 Ne4 12. h4 Re8 13. g5 f5 14. gxf6 Ndxf6 15. Ng5 h6 16. Ncxe4 dxe4 17. Nxe4 Nxe4 18. Bxe4 Be6 19. Rg1 Bf6 20. O-O-O Qe7 21. Bg6 Red8 22. Bc3 a5 23. Bf5 Bxa2 24. Rg6 Rf8 25. Rdg1 Kh8 26. e4 Rf7 27. Qd2 Qf8 28. d5 cxd5 29. e5 Bxh4 30. e6 Rf6 31. e7 Qxe7 32. Qxh6+ gxh6 33. Rxh6+ Qh7 34. Rxh7# 1-0

[Event "45th FIDE Chess Olympiad Open"]
[Site "Budapest, Hungary"]
[Date "2024.09.13"]
[Round "3.13"]
[White "Fedoseev, Vladimir"]
[Black "Ding, Liren"]
[Result "1/2-1/2"]
[WhiteElo "2692"]
[BlackElo "2736"]
[PlyCount "94"]
[EventDate "2024.??.??"]
[WhiteTeam "Slovenia"]
[BlackTeam "China"]
[WhiteTeamCountry "SLO"]
[BlackTeamCountry "CHN"]
[WhiteClock "0:02:34"]
[BlackClock "0:03:50"]

1. d4 Nf6 2. Bf4 d5 3. Nf3 c5 4. e3 e6 5. Nbd2 Qb6 6. Rb1 Bd6 7. dxc5 ({RR} 7. c3 cxd4 8. cxd4 Bxf4 9. exf4 Nc6 10. Nb3 a5 11. a3 a4 12. Nc1 Bd7 13. Na2 Ne4 14. Nc3 Qc7 15. g3 Nxc3 16. bxc3 Na5 17. Rc1 Nb3 18. Rc2 Qd6 19. Bd3 Qxa3 20. O-O f6 21. Re1 O-O {Carlsen,M (2863)-Ding,L (2791) chess24.com INT 2020 1-0 (33)}) 7... Qxc5 8. Bg5 ({RR} 8. b4 Qc7 9. Bxd6 Qxd6 10. c4 O-O 11. Be2 b6 12. cxd5 Nxd5 13. Nc4 Qe7 14. Qb3 Bb7 15. O-O Nd7 16. Nd4 a6 17. Rfd1 Rac8 18. a4 Rc7 19. Bf1 Rfc8 20. e4 Nf4 21. f3 h5 22. Rb2 h4 {Firouzja,A (2759)-Ding,L (2799) chess24.com INT 2021 0-1 (36)}) 8... Be7 9. Bd3 O-O $146 ({RR} 9... Nc6 10. O-O O-O 11. c3 h6 12. b4 Qd6 13. Bh4 Qd8 14. a3 b6 15. Qe2 Bb7 16. Rfd1 Nh5 17. Bxe7 Qxe7 18. c4 Rfd8 19. cxd5 Rxd5 20. Rbc1 Nf6 21. Ne4 Rad8 22. Nxf6+ Qxf6 23. Be4 Rxd1+ 24. Rxd1 {Xu,Y (2526)-Xu,Y (2496) Fuling CHN 2024 ½-½ (31)}) 10. O-O h6 11. b4 Qb6 12. Bf4 a5 13. a3 axb4 14. axb4 Nc6 15. c3 Rd8 16. b5 Nb8 17. c4 Nbd7 18. h3 Nc5 19. Bc2 Bd6 20. Ne5 Qc7 21. b6 Qe7 22. Qf3 Ncd7 23. Nd3 e5 24. Bg3 e4 25. Bxd6 Qxd6 26. Qf4 Nxb6 27. Qxd6 Rxd6 28. c5 Rc6 29. Rxb6 exd3 30. Bxd3 Rxc5 31. Nf3 Ra3 32. Be2 Rac3 33. Nd4 Rc1 34. g4 Rxf1+ 35. Bxf1 Kf8 36. f3 Ke7 37. Kf2 Ne8 38. h4 Nd6 39. Bd3 Kd7 40. g5 hxg5 41. hxg5 Kc7 42. Rb3 Bd7 43. g6 fxg6 44. Bxg6 Nb5 45. Ne2 Nd6 46. Nd4 Nb5 47. Ne2 Nd6 1/2-1/2